Deň daňovej slobody sa posunul na 25. mája

Krátka štúdia zmeny daňového zaťaženia v Slovenskej republike. Výpočet podielu čistého príjmu zamestnanca na jeho celkových mzdových nákladoch. Odvody, dane a čistý príjem ako súčasť celkových nákladov práce. Poplatkové zaťaženie - daňová kvóta 3 a 4. Metodológia výpočtu dňa daňovej slobody.

Enregistré dans:
Détails bibliographiques
Auteur principal: Solík, Ján
Format: Chapitre de livre
Langue:slovaque
Sujets:
Tags: Ajouter un tag
Pas de tags, Soyez le premier à ajouter un tag!

MARC

LEADER 00000nla$a2200000$$$4500
001 0076944
005 20240502071909.6
041 0 |a slo 
044 |a SK 
245 1 0 |a Deň daňovej slobody sa posunul na 25. mája  |c Ján Solík 
520 |a Krátka štúdia zmeny daňového zaťaženia v Slovenskej republike. Výpočet podielu čistého príjmu zamestnanca na jeho celkových mzdových nákladoch. Odvody, dane a čistý príjem ako súčasť celkových nákladov práce. Poplatkové zaťaženie - daňová kvóta 3 a 4. Metodológia výpočtu dňa daňovej slobody. 
610 2 0 |a dane 
610 2 0 |a odvody 
610 2 0 |a zaťaženie daňové 
610 2 0 |a príjmy 
610 2 0 |a náklady mzdové 
610 2 0 |a náklady práce 
610 2 0 |a kvóty 
100 1 |a Solík, Ján